Fundamentals of food process engineering

Saved in:
Bibliografiske detaljer
Hovedforfatter: Toledo, Romeo T (Author)
Format: Bog
Sprog:engelsk
Udgivet: Boca Ratón Chapman & Hall 1980
Fag:
Tags: Tilføj Tag
Ingen Tags, Vær først til at tagge denne postø!

MARC

LEADER 00000nam a2200000 a 4500
001 UCR4734
003 CL-VaPUC
005 20230816111614.0
008 980313e19800000us |||||||||||||||||eng|d
999 |c 267627  |d 267625 
040 |c Pontificia Universidad Católica de Valparaíso 
082 0 4 |a 664  |b TOL  |2 21 
100 0 |a Toledo, Romeo T  |e author  |9 405302 
245 1 0 |a Fundamentals of food process engineering 
260 |a Boca Ratón  |b Chapman & Hall  |c 1980 
300 |a 418 p 
583 |a last modification  |c 20160920 01:46:21  |k Rodrigo Vera 
600 0 |9 375322  |a Toledo, Romeo T  |e author 
650 0 |a Tecnología de alimentos  |2 CL-VaPUC  |9 259595 
650 0 |a Industria alimentaria  |9 331702 
650 0 |a Refrigeración  |9 259343 
650 0 |a Alimentos  |x Calidad  |x Deshidratación  |x Envasado  |9 256203 
942 |c BK  |2 ddc 
945 |d 19980313 00:00:00  |a crobeson 
952 |0 0  |1 0  |4 0  |6 664_000000000000000_TOL_1980  |7 0  |8 A  |9 300077  |a BIBALI  |b BIBALI  |c GEN  |d 2019-11-20  |i 1962183  |o 664 TOL 1980  |p 1962183  |r 2025-01-20  |w 2019-11-20  |y BK  |k ALI